000 01309nam0a22002531 4500
001 rc\4347947
005 20250611160958.0
021 _aRU
_b[64-30056]
035 _a(NLR Aleph) 008277109
090 _a8493082
_c8493082
100 _a20130416d1964 |||y0rusy50 ca
101 0 _arus
102 _aRU
105 _ay z |||||
200 1 _aРаботы по изучению и обоснованию требований к составу и свойствам новых инсектицидных препаратов для борьбы с вредителями сельскохозяйственных культур
_eДоклад
_eОбобщение опублик. науч. работ на соискание учен. степени доктора с.-х. наук (по совокупности)
_fВсесоюз. акад. с.-х. наук им. В.И. Ленина. Всесоюз. науч.-исслед. ин-т защиты растений
210 _aЛенинград
_cБ. и.
_d1964
215 _a66 с.
_cграф.
320 _aСписок работ автора: с. 63-65 (35 назв.)
700 1 _aГар
_bК.А.
_gКонстантин Аркадьевич
801 0 _aRU
_bNLR
_gpsbo
801 1 _aRU
_bELAR
_2rusmarc
852 _aNLR
_j64-4/8952
942 _cBOOK
980 _aNB